00808nam a2200205 a 450000100100000000500170001000800410002704000250006808200200009310000390011324500650015226000360021730000350025359000260028865000670031465000450038191000410042695201180046799900170058500003518720200930074149.0111025s1990 dr ac 001 0cspa d aDO-SdBNPbspacBNPHU a709.7291bR811v1 aRosell, Rosendo,d1918-201096091710aVida y milagros de la farándula de Cuba /cRosendo Rosell. aSanto Domingo :bTaller,c1990. a419 p. :bil., retr. ;c23 cm. aInventariado, 2018/LP 4aArtistas cubanosxAnécdotas, chistes, sátiras, etc.960918 4aArtes escénicasxHistoriazCuba960919 aValidado. Control de la calidad EMS. 0010718PDaPDbPDcHDd2011-10-25iLF1l0o709.7291 R811vp35187-10r2020-06-25w2020-06-25yLFPDZNo se presta c34678d34678